Cumhuriyet'ten günümüze gericilik IV (Record no. 8585)

MARC details
000 -BAŞLIK
Sabit Uzunlukta Kontrol Alanı 00753na a2200265 4500
001 - KONTROL NUMARASI
Denetim Alanı 15331
003 - KONTROL NUMARASI IDENTIFIER
Denetim Alanı MIRAKIL
005 - SON İŞLEM TARİHİ VE ZAMANI
Denetim Alanı 20181213155217.0
008 - SABİT-BOY VERİ ELEMANLARI - GENEL BİLGİLER
Sabit Uzunlukta Kontrol Alanı 161025b tu 000 0
035 ## - SİSTEM KONTROL NUMARASI
Sistem Kontrol Numarası 15331
040 ## - KATALOGLAMA KAYNAK
Orijinal Kataloglama Ajansı Milas
Kataloglama Dili tur
Metne Dönüştürmek Ajansı TR-AnCHP
041 ## - DİL KODU
Metin / Ses Parça Veya Ayrı Başlığın Dil Kodu tur
082 ## - DEWEY ONLU SINIFLANDIRMA NUMARASI
Sınıflandırma Numarası 956.102
Ürün Numarası K46c 2001
090 ## - SINIFLAMA NUMARASI
Sınıflama Numarası 956.102 K46c 2001
100 ## - ANA GİRİŞ - KİŞİSEL İSİM
Kişisel Ad Kırçak, Çağlar
245 ## - BAŞLIK TABLOSU
Başlık Cumhuriyet'ten günümüze gericilik IV
Sorumluluk Tablosu, Vb Çağlar Kırçak
260 ## - YAYIN, DAĞITIM, VB
Yayın, Dağıtım, Vb Yeri [y.y.]
Yayıncı, Dağıtıcı, Vs Adı Cumhuriyet
Yayın, Dağıtım, Vb Tarihi 2001
300 ## - FİZİKSEL TANIM
Kapsam 92 s.
Boyutlar 18 sm.
490 ## - SERİSİ TABLOSU
Seri Beyanı Aydınlanma Dizisi
Hacim / Ardışık Tanımı 194
504 ## - KAYNAKÇA VB NOT
Kaynakça Vb Notu Kaynakça var.
651 ## - KONU KATMA GİRİŞ - COĞRAFİ ADI
Coğrafi İsim Türkiye
Genel Alt Bölümü Tarih
Kronolojik Alt Bölümü Siyasal partiler
651 ## - KONU KATMA GİRİŞ - COĞRAFİ ADI
Coğrafi İsim Türkiye
Genel Alt Bölümü Tarih
Kronolojik Alt Bölümü Cumhuriyet Dönemi
651 ## - KONU KATMA GİRİŞ - COĞRAFİ ADI
Coğrafi İsim Türkiye
Genel Alt Bölümü Tarih
Kronolojik Alt Bölümü Siyaset ve yönetim
942 ## - EKLENDİ GİRİŞ ELEMANLARI (KOHA)
Sınıflandırma Veya Raf Düzeni Kaynak
Koha Öğesi Türü Books
999 ## - SİSTEM KONTROL NUMARALARI (KOHA)
Koha Biblionumber 8585
Koha Biblioitemnumber 8585
Holdings
Kalıcı Konum Mevcut Konum Edinme Tarihi Edinim Kaynak Toplam Check-Out'Lar Tam Çağrı Numarası Barkod Tarih Son Görülme İtibaren Geçerli Fiyatlar Koha Öğesi Türü
CHP Kütüphanesi CHP Kütüphanesi 09/08/2016 Bağış   956.102 K46c 2001 003362 09/08/2016 09/08/2016 Books